Les 15 pays les moins visités - Statistiques

Statistiques générales
  • Ce quiz a été pris 272 fois
  • Le résultat moyen est 5 sur 15
Statistiques - réponses
Nombre de touriste / an Pays % Correct
160 visiteurs Nauru
57%
13 300 visiteurs Afghanistan
54%
6 000 visiteurs Kiribati
46%
1 200 visiteurs Tuvalu
46%
4 600 visiteurs Îles Marshall
42%
24 400 visiteurs Îles Salomon
41%
400 visiteurs Somalie
35%
5 500 visiteurs Soudan du sud
29%
10 000 visiteurs Sao tomé-et-Principes
28%
21 000 visiteurs Comores
23%
8 697 visiteurs Turkménistan
22%
6 250 visiteurs Libye
21%
24 000 visiteurs Liberia
10%
7 500 visiteurs Guinée-Bissau
9%
5 700 visiteurs Guinée Equatoriale
9%
Aucun quiz correspondant
Distribution des résultats
% des personnes avec chaque résultat
Percentile par nombre de réponses
Votre historique - résultats
Vous n’avez pas pris ce quiz